| 000 | 00889nam a2200253 a 4500 | ||
|---|---|---|---|
| 001 | 000015912 | ||
| 003 | DO-SdBNP | ||
| 005 | 20240229073827.0 | ||
| 008 | 100222s1988 dr 000 0 spa d | ||
| 040 |
_aDO-SdBNP _bspa _cBNPHU |
||
| 082 | 4 |
_a342.729302 _bR426c, 1988 _222 |
|
| 110 | 1 |
_aRepública Dominicana. _9447 |
|
| 240 | 1 | 0 | _aConstitución (1966) |
| 245 | 1 | 0 |
_aConstitución de la República Dominicana 1966 : _bsíntesis evolución constitucional / _cRaymundo Amaro Guzmán. |
| 260 |
_aSanto Domingo : _bTiempo, _c1988. |
||
| 300 |
_a87 p. ; _c22 cm. |
||
| 500 | _aIncluye índice de materias. | ||
| 590 | _aInventariado, 2018/ YL | ||
| 651 | 4 |
_aRepública Dominicana _xConstitución (1966) _910405 |
|
| 651 | 4 |
_aRepública Dominicana _zDerecho constitucional _9449 |
|
| 700 | 1 |
_aAmaro Guzmán, Raymundo _9656 |
|
| 910 | _aValidado. Control de calidad EMS | ||
| 942 |
_2ddc _cLBS1 |
||
| 999 |
_c15454 _d15454 |
||